Arte prehistórico de México. (Record no. 25994)

MARC details
000 -LEADER
campo de control de longitud fija 00555nam a2200169 i 4500
001 - NÚMERO DE CONTROL
campo de control 25994
003 - IDENTIFICADOR DE NÚMERO DE CONTROL
campo de control ES-MaACL
005 - FECHA Y HORA DE LA ÚLTIMA TRANSACCIÓN
campo de control 20230906153352.0
007 - CAMPO FIJO DE DESCRIPCIÓN FÍSICA--INFORMACIÓN GENERAL
campo de control de longitud fija t|
008 - DATOS DE LONGITUD FIJA--INFORMACIÓN GENERAL
campo de control de longitud fija 030107s1946 mx ||||1| spa d
245 00 - MENCIÓN DEL TÍTULO
Título Arte prehistórico de México.
260 ## - PUBLICACIÓN, DISTRIBUCIÓN, ETC.
Lugar de publicación, distribución, etc. México :
Nombre del editor, distribuidor, etc. [s.n.,
Fecha de publicación, distribución, etc. 1946] (
Fabricante Francisco Orozco Muñoz)
300 ## - DESCRIPCIÓN FÍSICA
Extensión XI, 53 lám. ;
Dimensiones 23 cm.
500 ## - NOTA GENERAL
Nota general Precede al tít.: Instituto Nacional de Antropología e Historia.
710 2# - ENTRADA AGREGADA--NOMBRE DE ENTIDAD CORPORATIVA
Nombre de entidad corporativa o nombre de jurisdicción como elemento de entrada Instituto Nacional de Antropología e Historia (
Sede del congreso/Lugar de la reunión México)
9 (RLIN) 5141
852 ## - LOCALIZACIÓN
Ubicación ES-MaACL
Número de control de estantería C-5194
Sublocalización o colección R.26021
Holdings
Estatus retirado Estado de pérdida Estado de daño No para préstamo Biblioteca de origen Biblioteca actual Ubicación en estantería Fecha de adquisición Fuente de adquisición Total de préstamos Signatura topográfica completa Código de barras Visto por última vez Precio de reemplazo Tipo de ítem Koha
        Biblioteca del Ateneo de Madrid Biblioteca del Ateneo de Madrid Sala Palomar 17/01/2008     C-5194 1026824 23/02/2023 23/02/2023 Libro impreso